Responses for show #3938 - Wednesday, October 17, 2001

Contestants

Pamela Robinson, a legal association manager from Chicago, Illinois

Ulhas Rajurkar, a human resources specialist from Lorton, Virginia

Sharon Forsher, a character interpreter coach from Williamsburg, Virginia (whose 1-day cash winnings total $8,100)

Jeopardy! Round responses

MAMMALS
POP STARS A.K.A.
AWARENESS MONTHS
AUNTIQUITY
BEANS
"OLD" RHYMES
    $100 11
(Pamela: What is a beaver?)
...
(Alex: Cheryl looked like she was having far too much fun!)

otter

Pamela
Triple Stumper
    $100 6
Smokey Robinson

Ulhas
    $100 12
diabetes

Pamela
    $100 26
Egypt

Ulhas
    $100 17
lima beans

Ulhas
    $100 1
gold

Pamela
    $200 22
(Ulhas: What is a squirrel?)

bat

UlhasPamela
    $200 7
Ringo Starr

Ulhas
    $200 13
breast cancer

Ulhas
    $200 27
Alexander the Great

Ulhas
    $200 18
navy bean

Ulhas
    $200 2
the fold

Sharon
    $300 23
rodent

Triple Stumper
    $300 8
Bob Dylan

Ulhas
    $300 14
December

Ulhas
    $300 28
China

Sharon
    $300 19
snap bean

Pamela
    $300 3
bold

Ulhas
    $400 24
elk

Pamela
    $400 9
(Ulhas: Who is Amelia Earhart?)
(Sharon: Who is Grace Jones?)

Grace Slick

SharonUlhasPamela
    $400 15
American Lung Association

Sharon
    $400 29
cheese

Sharon
    $400 20
pinto bean

Pamela
    $400 4
Sold!

Pamela
    $500 25
rhesus monkey

Ulhas
    $500 10
Babyface

Ulhas
    $500 16
(Ulhas: Who are platelet donors?)

bone marrow donors

UlhasPamela
    $500 30
Lot

Ulhas
    $500 21
soybeans

Ulhas
    $500 5
scold

Ulhas

Scores at the first commercial break (after clue 16):

Sharon Ulhas Pamela
$200 $1,500 $1,400

Scores at the end of the Jeopardy! Round:

Sharon Ulhas Pamela
$900 $3,400 $2,700

Double Jeopardy! Round responses

U.S. MEMORIALS
SPORTS PEOPLE WHO ARE PLACES
CROSS-EXAMINING THE WITS
DOUBLE-VOWEL WORDS
(Alex: Same vowel, twice in a row.)
LAWRENCE
OF ARABIA
    $200 8
D-Day

Ulhas
    $200 3
Allan Houston

Ulhas
    $200 26
Samuel Johnson

Ulhas
    $200 1
foot

Sharon
    $200 16
Lawrence Welk

Ulhas
    $200 21
Suez Canal

Ulhas
    $400 9
Albert Einstein

Ulhas
    $400 4
Kobe Bryant

Ulhas
    $400 27
Oscar Wilde

Triple Stumper
    $400 2
Snoopy

Ulhas
    $400 17
Lawrence Taylor

Ulhas
    $400 22
(Ulhas: What is Judah?)

Sheba

Ulhas
Triple Stumper
    $1,000 10
(Ulhas: I'm sorry, Alex, I don't know.)

Rosie the Riveter

Ulhas
    $600 5
Joe Montana

Ulhas
    $600 28
(Ulhas: Who is Nietzsche?)

George Bernard Shaw

Ulhas
Triple Stumper
    $1,200 13
(Pamela: I don't know, Alex.)

continuum

Pamela
    $600 18
D.H. Lawrence

Sharon
    $600 23
Shem

Triple Stumper
    $800 11
(Ulhas: What is New Bedford?)

Gloucester

SharonUlhas
    $800 6
Cleveland

Ulhas
    $800 29
H.L. Mencken

Ulhas
    $800 14
bazaar

Sharon
    $800 19
Friar Lawrence

Sharon
    $800 24
Yemen

Triple Stumper
    $1000 12
Oklahoma City

Pamela
    $1000 7
Jersey Joe Walcott

Ulhas
    $1000 30
Robert Benchley

Triple Stumper
    $1000 15
Pompeii

Ulhas
    $1000 20
(Ulhas: Who is Ginsburg?)

Lawrence Ferlinghetti

UlhasPamela
    $1000 25
Riyadh

Triple Stumper

Scores at the end of the Double Jeopardy! Round:

Sharon Ulhas Pamela
$4,100 $6,400 $3,500

[wagering suggestions for these scores]

Final Jeopardy! Round responses

MUSIC & THE MOVIES
(Alex: Been to the movies in the last decade?)
(Alex: I didn't even know there was a movie called The Commitments, or that it had a soundtrack.)
PamelaWhat Hi Tricia!
$3,500
SharonWhat is The Commitments?
$4,000
UlhasWhat is Dirty Dancing?
$1,801
The Bodyguard

Final scores:

Sharon Ulhas Pamela
$100 $4,599 $0
2nd place: Trip to Rasa Ria Resort, Borneo New champion: $4,599 3rd place: Trip to Roosevelt Hotel, New York City

Game dynamics:

Coryat scores:

Sharon Ulhas Pamela
$4,100 $7,400 $4,700
9 R,
1 W
29 R
(including 1 DD),
8 W
(including 1 DD)
11 R,
2 W
(including 1 DD)

Combined Coryat: $16,200

The J! Archive is created by fans, for fans. The Jeopardy! game show and all elements thereof, including but not limited to copyright and trademark thereto, are the property of Jeopardy Productions, Inc. and are protected under law. This website is not affiliated with, sponsored by, or operated by Jeopardy Productions, Inc. Join the discussion at JBoard.tv.